000 00627nam a2200181 i 4500
001 23534
003 ES-MaACL
005 20251114102514.0
007 t|
008 021211s1950 sp ||||1| spa d
100 1 _aAllix, André.
_920045
245 1 0 _aManual de geografía física humana y económica /
_cAndré Allix ; traducción y adaptación de José Manuel Casas Torres.
260 _aMadrid :
_bRialp,
_c1950 (
_eZaragoza :
_fEl Noticiero)
300 _aXII, 903 p., 144 lám. ;
_c24 cm.
700 1 _aCasas Torres, José Manuel,
_d1916-2010
_936236
852 _aES-MaACL
_jD-6850
_bR.30564
999 _c23534
_d23534